Presidential certifications regarding international narcotics control : hearing and markup before the Subcommittee on Western Hemisphere Affairs of the Committee on Foreign Affairs, House of Representatives, One Hundredth Congress, second session on H.R. 4162, H.J. Res. 491, 493, 495, 497, and 499, March 29 and April 13, 1988.

Bibliographic Details
Corporate Authors: United States. Congress. House. Committee on Foreign Affairs. Subcommittee on Western Hemisphere Affairs, ProQuest (Firm)
Format: Government Document eBook
Language:English
Published: Washington : U.S. G.P.O., 1988.
Series:U.S. Congressional Hearings.
Subjects:
Online Access:Connect to the full text of this electronic book

MARC

Tag First Indicator Second Indicator Subfields
LEADER 00000cam a22000001a 4500
001 in00003222298
005 20190404184619.0
006 m d f
007 cr bn mmmapmmp
008 091021s1988 dcu ob f000 0 eng d
035 |a cis2007454995 
040 |a UMI  |c UMI  |d UtOrBLW 
043 |a n-us--- 
074 |a 1017-A, 1017-B (microfiche) 
086 0 |a Y 4.F 76/1:P 92/3 
099 |a HRG-1988-FOA-0031 
110 1 |a United States.  |b Congress.  |b House.  |b Committee on Foreign Affairs.  |b Subcommittee on Western Hemisphere Affairs. 
245 1 0 |a Presidential certifications regarding international narcotics control :  |b hearing and markup before the Subcommittee on Western Hemisphere Affairs of the Committee on Foreign Affairs, House of Representatives, One Hundredth Congress, second session on H.R. 4162, H.J. Res. 491, 493, 495, 497, and 499, March 29 and April 13, 1988. 
264 1 |a Washington :  |b U.S. G.P.O.,  |c 1988. 
300 |a 1 online resource. 
336 |a text  |b txt  |2 rdacontent 
337 |a computer  |b c  |2 rdamedia 
338 |a online resource  |b cr  |2 rdacarrier 
500 |a Record is based on bibliographic data in ProQuest Congressional Hearings Digital Collection. Reuse except for individual research requires license from ProQuest, LLC. 
504 |a Includes bibliographical references. 
538 |a System requirements: PDF reader software. 
500 |a Electronic resource. 
650 0 |a International agencies  |z Caribbean Area  |x Privileges and immunities. 
650 0 |a Economic assistance, American. 
650 0 |a Legislative veto  |z United States. 
650 0 |a Drug traffic  |z Caribbean Area. 
650 0 |a Drug traffic  |z South America. 
651 0 |a United States  |x Foreign relations. 
655 7 |a Electronic books.  |2 local 
710 2 |a ProQuest (Firm) 
776 0 8 |i Print version:  |a United States. Congress. House. Committee on Foreign Affairs. Subcommittee on Western Hemisphere Affairs  |t Presidential certifications regarding international narcotics control  |w (OCoLC)18926981  |w gp 89007115 
776 0 8 |i Microfiche version:  |a United States. Congress. House. Committee on Foreign Affairs. Subcommittee on Western Hemisphere Affairs  |t Presidential certifications regarding international narcotics control.  |d [Bethesda, Md.] : ProQuest,[2004]  |o CIS 89 H381-13  |w (ProQuest)cis08900727 
830 0 |a U.S. Congressional Hearings. 
856 4 0 |u http://proxy.library.tamu.edu/login?url=http://congressional.proquest.com/congcomp/getdoc?HEARING-ID=HRG-1988-FOA-0031  |z Connect to the full text of this electronic book  |t 0 
998 |a cis08900727 
999 |a MARS 
999 f f |s 2cc5ed62-91e3-3ec2-8de0-949ab1a04e59  |i a80622b8-adc9-3cf7-924d-e31feefa4806  |t 0 
952 f f |a Texas A&M University  |b College Station  |c Electronic Resources  |d Available Online  |t 0  |e HRG-1988-FOA-0031  |h Other scheme 
998 f f |a HRG-1988-FOA-0031  |t 0  |l Available Online